| 000 | 00550nam a2200169 i 4500 | ||
|---|---|---|---|
| 001 | 61224 | ||
| 003 | ES-MaACL | ||
| 005 | 20230906164414.0 | ||
| 007 | t| | ||
| 008 | 031111s1982 sp ||||1| spa d | ||
| 110 | 2 |
_aMurcia. _95792 |
|
| 240 | 1 | 0 | _aEstatuto de Autonomía, 1982 |
| 245 | 1 | 0 |
_aEstatuto de Autonomía para la Región de Murcia _b: [ley orgánica 4/1982, de 9 de junio]. |
| 260 |
_a[Madrid : _bPresidencia del Gobierno, Servicio Central de Publicaciones, _c1982] |
||
| 300 |
_a27 p. ; _c21 cm. |
||
| 852 |
_aES-MaACL _j2127-F-20 _bR.106043 |
||
| 999 |
_c61224 _d61224 |
||